Adivinhe a música da Taylor Swift sem dicas #16 - Statistics

Estatísticas Gerais
  • Esse quiz foi jogado 135 vezes
  • A pontuação média é 261 de 431
Estatísticas das Respostas
Resposta % Correto
a
97%
You
96%
you
96%
you,
96%
you)
96%
I
95%
(I
95%
me
90%
the
83%
my
77%
your
77%
it
76%
(it
76%
to
75%
(to
75%
so
74%
on
73%
That
73%
and
72%
And
72%
are
69%
look
69%
(look
69%
in
68%
mine
68%
say
67%
say?
67%
say)
67%
can
66%
her
66%
what
66%
(what
66%
of
65%
Of
65%
us
65%
at
62%
At
62%
this
62%
(this
62%
don't
61%
can't
60%
mad
59%
make
59%
'Cause
58%
I'm
58%
(I'm
58%
You're
58%
you're
58%
as
57%
But
57%
but
57%
(but
57%
know
57%
way
57%
way)
57%
face
56%
face)
56%
face,
56%
gorgeous
55%
(gorgeous)
55%
gorgeous)
55%
too
55%
got
54%
like
54%
not
54%
should
54%
think
54%
by
53%
feel
53%
(feel
53%
have
52%
have)
52%
If
52%
if
52%
than
52%
for
51%
hate
51%
talk
51%
anything
48%
take
48%
about
47%
made
47%
being
46%
strong
46%
life,
45%
much
45%
much)
45%
(oh)
45%
older
45%
back
44%
boyfriend,
44%
drunk
44%
eyes
44%
he's
44%
He's
44%
little
44%
more
44%
consequence
43%
doing,
42%
fun
42%
makes
42%
(dark
41%
dark
41%
happy,
41%
compliment
40%
field
40%
magnetic
40%
sad,
40%
sad)
40%
Whisky
40%
blue
39%
club
39%
cool,
39%
die
39%
just
39%
room
39%
room,
39%
room)
39%
hand
37%
here
37%
everyone
35%
furious
35%
furious)
35%
ruined
35%
Sunset
35%
turns
35%
come
34%
girlfriend,
34%
ice,
34%
making
34%
nothing
34%
Ocean
33%
There's
33%
home
32%
might
32%
drown
31%
jealous
31%
looking
31%
single
31%
Vine
31%
wanna
31%
hurts
30%
hurts)
30%
I'll
30%
sink
30%
You've
30%
you've
30%
talking
28%
that's
28%
worse
28%
yeah
28%
Alone,
27%
actually
26%
along
26%
cats
26%
honestly
26%
touching
24%
(Honey,
22%
unless
22%
darkened
18%
Guess
17%
stumble
12%
Nenhum quiz correspondente encontrado
Distribuição das Pontuações
Porcentagem de Pessoas com Cada Pontuação
Percentil de Números Respondidos
Sua Pontuação Histórica
Você não jogou esse quiz